Růst, konkurenceschopnost, zaměstnanost. Výzvy a cesty vpřed do 21. století Bílá kniha

Uložené v:
Podrobná bibliografia
Ďalší autori: Masopust, Zdeněk, Konětopská, Hana
Médium: Kniha
Jazyk:Czech
Vydavateľské údaje: Praha Ústav mezinárodních vztahů 1994
Vydanie:1. vyd.
Edícia:Evropská integrace v dokumentech
Predmet:
Tagy: Pridať tag
Žiadne tagy, Buďte prvý, kto otaguje tento záznam!

MARC

LEADER 00000nam a2200000 4500
001 c015495
005 20220906120321.0
020 |a 80-85864-03-7 
041 0 |a cze 
044 |a CZ 
245 1 0 |a Růst, konkurenceschopnost, zaměstnanost. Výzvy a cesty vpřed do 21. století  |b Bílá kniha  |c [Z angl. prel.] Zdeněk Masopust ; Zodp. red. Hana Konětopská 
250 |a 1. vyd. 
264 1 |a Praha  |b Ústav mezinárodních vztahů  |c 1994 
300 |a 147 s. 
490 1 |a Evropská integrace v dokumentech 
830 0 |a Evropská integrace v dokumentech 
610 2 0 |a rast hospodársky 
610 2 0 |a konkurencieschopnosť 
610 2 0 |a zamestnanosť 
610 2 0 |a nezamestnanosť 
610 2 0 |a makroekonomika 
610 2 0 |a vzdelávanie 
610 2 0 |a miesta pracovné 
610 2 0 |a sily pracovné 
610 2 0 |a trh vnútorný 
610 2 0 |a Európske spoločenstvá 
700 1 |a Masopust, Zdeněk 
700 1 |a Konětopská, Hana